Železničná stanica, Bratislava Vinohrady

Salvato in:
Dettagli Bibliografici
Autore principale: Vaňková, Zuzana, 1991- (Autore)
Altri autori: Bátor, Jozef (Relatore della tesi)
Natura: Manoscritto Libro
Lingua:slovacco
Pubblicazione: Bratislava 2015
Soggetti:
Accesso online:http://is.stuba.sk/zp/portal_zp.pl?podrobnosti=112421
Tags: Aggiungi Tag
Nessun Tag, puoi essere il primo ad aggiungerne!!

MARC

LEADER 00000ntm a22000003a 4500
001 stuzp52514
003 SK-STU
005 20210309100105.0
007 ta
008 150427s2015----xo-----f-mn---000-0-slo-d
040 |a STU  |b slo 
041 0 |a slo 
100 1 |a Vaňková, Zuzana,  |d 1991-  |u 058180  |4 aut  |U FAD Fakulta architektúry a dizajnu  |U FAD Fakulta architektúry  |T FA Ústav architektúry občianskych budov  |X 68355  |U A8180  |Y 399  |7 A000068355 
242 0 1 |a Train station, Bratislava Vinohrady  |y eng 
245 1 0 |a Železničná stanica, Bratislava Vinohrady 
260 |c 2015  |a Bratislava 
650 4 |a železničná stanica  |2 slo 
650 4 |a dopravný uzol  |2 slo 
650 4 |a vstupný bod do mesta  |2 slo 
650 4 |a transport hub  |2 eng 
650 4 |a train station  |2 eng 
650 4 |a entry point  |2 eng 
700 1 |a Bátor, Jozef  |4 ths  |X 4810  |7 A000004810 
856 4 |u http://is.stuba.sk/zp/portal_zp.pl?podrobnosti=112421  |u https://opac.crzp.sk/?fn=detailBiblioForm&sid=E75B5E22D326BA6A99A393CFFF20 
SQL |a stuzp52514  |b DDP  |c SLO  |d Železničná stanica, Bratislava Vinohrady  |e 68355  |f Vaňková, Zuzana  |g 058180  |h 4810  |i Bátor, Jozef  |j 20150604  |k 153  |l 05  |m http://is.stuba.sk/zp/portal_zp.pl?podrobnosti=112421  |n I-ARCH  |o 5.1.1. architektúra a urbanizmus